| 000 | 00827nam a22002297a 4500 | ||
|---|---|---|---|
| 999 |
_c7849 _d7849 |
||
| 003 | AR-CdUCM | ||
| 008 | 190321b ||||| |||| 00| 0 spa d | ||
| 020 | _a978-9972-2974-1-0 | ||
| 040 |
_aMUNICIPALIDAD PROVINCIAL DEL CUSCO _cBIBLIOTECA MUNICIPAL DEL CUSCO |
||
| 082 |
_a634.974 / _bG66 |
||
| 100 |
_aGoulding, Michael _922197 |
||
| 245 |
_aPalmeras : _bCentinelas de la conservación en la amazonia / |
||
| 260 |
_aLima : _bAsociación para la Conservación de la Cuenca Amazónica :Amazon Conservation Association, _c2007. |
||
| 300 |
_a356 paginas ; _c27 cm. |
||
| 505 | _aContenido :Palmeras. | ||
| 650 |
_aConservación de los recursos naturales _922198 |
||
| 650 |
_aÁreas protegidas _922199 |
||
| 650 |
_aAguaje _922200 |
||
| 700 |
_aHerrera. Gabriel (traductor) _922201 |
||
| 942 |
_2ddc _cLIBROS |
||
| 945 | _arum | ||